Born in Brampton/Ontario - Statistics

General Stats
  • This quiz has been taken 15 times
    13 since last reset
  • The average score is 4 of 9
Answer Stats
Hint Answer % Correct
Power forward, he won the 2016 NBA championship during his time with the Cleveland Cavaliers 1991 Tristan Thompson
82%
Actor, "Scott Pilgrim vs. the World" "Superbad" "Juno" 1988 Michael Cera
73%
Rapper, "Luv" "Say It", Megan Thee Stalion accused him of shooting her 1992 Tory Lanez
64%
Former ice hockey player who was selected first overall in the 2002 NHL Draft by the Columbus Blue Jackets 1984 Rick Nash
45%
Head coach of the New Jersey Devils 1980 Sheldon Keefe
36%
Ice hockey centre and alternate captain of the Dallas Stars 1992 Tyler Seguin
36%
Soccer player who plays for Besiktas Istanbul and the Canadian national team, he is Canada's record cap holder 1983 Atiba Hutchinson
27%
Soccer player who plays for Club Brugge and the Canadian national team, he's the national team's all-time top goalscorer 1995 Cyle Larin
27%
Actor, "New Amsterdam" "Rise of the Planet of the Apes" "Escape Room" 1978 Tyler Labine
9%
No matching quizzes found
Score Distribution
Percent of People with Each Score
Percentile by Number Answered
Your Score History
You have not taken this quiz since the last reset